Taylor Swift- evermore (All Lyrics) - Statistics

General Stats
  • This quiz has been taken 38 times
    31 since last reset
  • The average score is 285 of 344
Answer Stats
Lyrics % Correct
Evermore
100%
(Evermore)
100%
evermore
100%
a
96%
all
96%
(All
96%
be
96%
could
96%
for
96%
I
96%
is
96%
Is
96%
(Is
96%
pain
96%
That
96%
that
96%
the
96%
to
96%
To
96%
(To
96%
an
92%
couldn't
92%
feeling
92%
had
92%
lost
92%
my
92%
of
92%
on
92%
On
92%
so
92%
this
92%
This
92%
when
92%
would
92%
you
92%
You
92%
And
88%
can
88%
(Can
88%
down
88%
in
88%
In
88%
I've
88%
me
88%
peculiar
88%
step
88%
sure
88%
think
88%
was
88%
we
88%
where
88%
been
84%
breath
84%
catchin'
84%
fire
84%
July
84%
letters
84%
light
84%
Motion
84%
November
84%
since
84%
stepping
84%
stone
84%
Addressed
80%
again
80%
again)
80%
bad
80%
Barefoot
80%
capture
80%
certain
80%
death
80%
each
80%
footsteps
80%
Gray
80%
it
80%
It
80%
just
80%
not
80%
one
80%
Put
80%
we'll
80%
will
80%
window,
80%
Writing
80%
find
76%
I'm
76%
(I'm
76%
out
76%
(Out
76%
pause
76%
pause?
76%
pause?)
76%
thought
76%
Trying
76%
went
76%
What
76%
wrong
76%
Can't
72%
(Can't
72%
cost
72%
cost)
72%
cross?
72%
cross?)
72%
double-
72%
dreamed
72%
get
72%
go
72%
moment
72%
open
72%
replay
72%
shipwrecked
72%
there
72%
very
72%
but
68%
But
68%
crossed
68%
does
68%
Starin'
68%
tape,
68%
things
68%
wildest
68%
winter,
68%
line
64%
Or
64%
(Or
64%
remember
64%
tall
64%
weather
64%
wouldn't
64%
days
60%
days)
60%
December
60%
fight
60%
now)
60%
Oh,
60%
Sending
60%
signals
60%
tossed
60%
tossed)
60%
used
60%
Whether
60%
(Whether
60%
cracks
56%
dog
56%
frost
56%
frost)
56%
Guess
56%
Hey,
56%
rewind
56%
unmoored
56%
violence
56%
waves,
56%
being
52%
enough
48%
Floors
48%
through
48%
under
48%
cabin
44%
creakin'
44%
(If
44%
real
44%
swear
44%
were
44%
No matching quizzes found
Score Distribution
Percent of People with Each Score
Percentile by Number Answered
Your Score History
You have not taken this quiz since the last reset